MDQL
is popping MORE tags! Check the
thread
!
Quizzes
Events
Quiz Creation
Community
Videos
Private Events
Remove Ads
Sign In
Join for FREE
Feedback
Dark Mode
Quiz Categories
Sports
Geography
Music
Movies
Television
Just For Fun
Miscellaneous
History
Literature
Language
Science
Gaming
Entertainment
Religion
Holiday
For Kids
Quiz Lab
Recent
Popular Today
Quiz Kudos Today
Editor Picks
Curator Picks
Quizzes by...
Day
Popularity
Type
Ratings
Length
Year
Community
Subscriptions
Recent Discussions
Orange Saloon
Badges
Playlists
Quests
Create
Leaderboards
Showdown
Live 5
Trivia Bingo
Activity
Puzzle Library
Sporcle Events
Private Events
Virtual Trivia
Globe League
Become a Host
Pub Owners
SporcleCon
Opinionation
Our Games
Videos
Blog
Mobile Apps
Partnerships
Remove Ads and Go Orange
Feedback
Geography
Country
Landmarks
City
State
Population
World
Capital
Continent
Flags
Europe
Africa
Asia
South America
North America
Oceania
Border
Canada
United Kingdom
Topography
United States
Geography
Country
Landmarks
City
State
Population
World
Capital
Continent
Flags
Europe
Africa
Asia
South America
North America
Oceania
Border
Canada
United Kingdom
Topography
United States
Random Quiz
Search Sporcle
×
Quiz Lab
Quiz Lab
Geography
Europe
Type in answers that appear in a list
Type in answers that appear in a list
Classic
Best Score? Go Orange.
Capital Answers - Europe Stats
Can you answer the questions where the answers are also European capital cities?
By
gordon79677
6m
20 Questions
75 Plays
75 Plays
75 Plays
Comments
Comments
Give Quiz Kudos
Give Quiz Kudos
-
- Ratings
hide this ad
Forced Order
Answers have to be entered in order
Answers have to be entered in order
Random Order
Randomize order of answers
Randomize order of answers
Replay
Link that replays current quiz
Next Quiz
Link to next quiz in quiz playlist
You Got
0%
They Got
Avg Score
46%
Avg Friend Score
Upgrade to see
Score Distribution
Jump to the score distribution portion of the page
Score
0/20
Timer
06:00
0
Plays Today
Question
Capital City
% Correct
What band had a hit with the song 'Take My Breath Away' from the film Top Gun?
Berlin
85.3%
What is the name of the syndrome where hostages develop a psychological alliance with their captors?
Stockholm
82.7%
What is the name of the Grand Hotel in the 2014 Wes Anderson film?
Budapest
81.3%
Which variety of sprout forms part of a traditional Christmas dinner in the UK?
Brussels
78.7%
What is the surname of Jack the author who wrote The Call of the Wild and White Fang?
London
78.7%
What is the name of the dish that consists of chicken breast coated in breadcrumbs and stuffed with a garlic butter?
Kiev
69.3%
In Greek mythology who kills Achilles by shooting him in the heel with an arrow?
Paris
60%
In which city in Georgia was the rock band R.E.M formed?
Athens
58.7%
What Ultravox song won 'Single of the Year' at the 1981 Brit Awards?
Vienna
48%
What is the first name of the Film Director who won Best Original Screenplay at the 2003 Academy Awards for Lost in Translation?
Sofia (Coppola)
45.3%
Question
Capital City
% Correct
What is the surname of the character played by Robin Tunney in The Mentalist?
Lisbon
38.7%
What is the paternal surname of the 52nd President of Mexico who served from 1982 -
1988?
(Miguel de la) Madrid
37.3%
What is the surname of Kelly who played Sam McCall in General Hospital and won series one of Dancing with the Starts?
Monaco
29.3%
What is the surname of Amber the former model turned actress who appeared in What Lies Beneath, Hitch and Transporter 2?
Valletta
26.7%
What is Mozart's Symphont No.38 popularly known as?
Prague
24%
Which play by J. T. Rogers won Best Play at the 2017 Tony Awards?
Oslo
24%
What Miss gives her name to a song by Passengers? The song was a collaboration between U2, Brian Eno and Pavarotti.
Sarajevo
18.7%
What novel by Ian McEwan won the 1998 Booker Prize?
Amsterdam
18.7%
In which Jardin is the famous Medici Fountain?
Luxembourg
16%
What is the name of the Duke of Wellington's war horse which he famously rode at the Battle of Waterloo?
Copenhagen
13.3%
Quiz Playlist
Details
Report
Send in Message
Add To Playlist
Classic:
Type in answers that appear in a list
Forced Order:
Answers have to be entered in order
Random Order:
Randomize order of answers
Last Updated: Jan 31, 2018
Quiz Scoreboard
CHALLENGE
Sign Up to Join the Scoreboard
Show All
Scores
Hide
Comments
May contain spoilers
Recently Published
1-10 Letter E Words III
by El_Dandy
Language
2m
Street Fighter Characters
by Artimus82
Gaming
60s
College Basketball Coaching Resumes
by pancakes188
Sports
9m
More to Explore
Quiz From the Vault
Featured Blog Post
Where Did the Easter Bunny Come From?
hide this ad
You Might Also Like...
Tags
Capital Quiz
Europe Quiz
General Knowledge Quiz
European Capitals
Today's Top Quizzes in Geography
Browse Geography
hide this ad
Today's Top Quizzes in Europe
Browse Europe
Top Contributed Quizzes in Geography
1
Countries of the World - No Outlines Minefield
2
Top 25 Cities of France on a map
3
Any capital of a 'B' country per Continent
4
Any capital of a 'C' country per Continent
5
Closest Countries to UK A-Z
6
Any capital of a 'D' country per Continent
7
5-to-1: US Geography No Hints
8
Any capital of an 'E' country per Continent
9
Find the US States - No Outlines
10
Any capital of an 'F' country per Continent
Explore More
Trending Topics
Harry Potter
NBA
Marvel
Anime
Crossword
Kpop
Disney
WWE
Pokémon
Soccer
NFL
Puzzle
The Office
Song
Country
hide this ad
More By:
gordon79677
Quiz
Plays
Rating
Category
Featured
Created
Honorary Knighthood Slideshow
13,499
4.51
History
Mar 14, 2018
It Happened One Day
13,354
4.27
History
Feb 8, 2018
Seven Dwarfs in Different Languages
10,679
4.74
Language
Jan 5, 2020
Letter's Position in the Alphabet Blitz
6,802
4.46
Just For Fun
Nov 14, 2020
Pub Quiz I
4,542
4.78
Miscellaneous
Mar 4, 2018
Go to Creator's Profile
Score Distribution
Quiz Creator Spotlight
gordon79677
Follow
Send a Message
Quizzes Created
-
Created Quiz Play Count
-
More By This Creator
Popular Quizzes Today
1
Find the US States - No Outlines Minefield
2
Find the Countries of Europe - No Outlines Minefield
3
The Countries of the World
4
Find the US States
5
Risky Map Clicking: Biggest States A-Z
6
US States
7
Popular People in 1961
8
Movies - When Are They Set?
More Geography Quizzes
15 in 15: Capitals of Asia III
Editor's Pick
Trending Quizzes
Risky Map Clicking: Least Populous States A-Z
Billboard Blitz: Aretha Franklin
Famous Russians: Author or Composer?
1-10 Letter G Words
Countries of the World: 200 Million BC
Recently Updated
Leaping Animals
pecheneg
Reality TV Shows (A-Z)
bhenderson79
Rickey Henderson's Hall of Fame Teammates
pecheneg
Champions League XIs: Arsenal
pecheneg
Quick Pick: Celebrities in WWE's Hall of Fame
aduchscher
A-Z Keypad Blitz II
pecheneg
Multiple Oscar Actors
pecheneg
Mystery Phrase Blitz: Oscar 'Best Actors'
pecheneg
F. Scott Fitzgerald Novels
LTH
Pick 3 Villains
ddd62291
Trending Topics
Anime
Harry Potter
Crossword
Kpop
Marvel
NBA
Disney
The Office
NFL
Song
Country
Soccer
WWE
Pokémon
Puzzle
Your Account Isn't Verified!
In order to create a playlist on Sporcle, you need to verify the email address you used during registration. Go to your
Sporcle Settings
to finish the process.
Report this User
Report this user for behavior that violates our
Community Guidelines
.
Details:
Send Report
Go to the Sporcle.com Mobile Site →
Comments